000 00575nam a22001817a 4500
003 OSt
008 240514b2012 |||||||| |||| 00| 0 eng d
020 _a9789380578910
082 _a658.8
_bDUT-F
100 _aDutta, Bholanath.
245 _aFundamentals of sales and distribution management /
_cBholanath Dutta.
260 _aNew Delhi :
_bI.K. International Publishing House PVT,
_c2011.
300 _axiv, 281 p. ;
650 _aMarketing channels - Management
650 _aPhysical distribution of goods - Management
650 _aSales management
942 _2ddc
_cBK
999 _c20482
_d20482